01876nam a2200289 u 450000100100000000500170001000800410002702000190006804300120008708200200009910000170011924501420013625000120027826000470029030000230033749000160036050000260037650000380040252008470044060000760128765000560136365000450141965000400146470000240150470000290152870000290155700004889620200120222620.0120509s2009 sp jr 000 0 spa d a9788434228276. ae-sp---04a927.92bL862211 aLuque, Luis.10aCharles Chaplin /ctexto Luis Luque ; ilustraciones Carles Arbat ; dirección editorial Lluís Borrás ; producción Manel Sánchez. a5a. ed. aBarcelona (España) :bParramón,c2009. a63 p. :bil., col. 0aMe llamo... aIncluye cronología. aAudiencia : A partir de 9 años.3 a"Nacido en Londres (Reino Unido), Charles Chaplin es una de las figuras capitales de la historia del cine. Hijo de un matrimonio de humildes actores, pasó en pocos años de la más triste miseria a la fama y a ser el actor mejor pagado de su época. En cuarenta años intervino en cerca de ochenta películas, en las que alternó las tareas de actor, guionista, compositor de la banda sonora, director, realizador y productor. Considerado un genio del cine (primero mudo y más tarde, sonoro), su carrera arrancó con la pura comicidad, pasó por el género sentimental y dramático para, finalmente, abordar la denuncia social y política. Su gran creación fue el personaje de Charlot, un vagabundo inconfundible por su bigote, su sombrero de hongo, su bastón... y sus peripecias, que han emocionado a varias generaciones."14aChaplin, Charles Spencer,d1889-1977vBiografíasxLiteratura juvenil.24aActores inglesesvBiografíasxLiteratura juvenil.24aCine mudoxHistoriaxLiteratura juvenil.24aCinexHistoriaxLiteratura juvenil.1 aArbat, Carles,eil.1 aBorrás, Lluís,edir.1 aSánchez, Manel,eprod.